| 000 | 00577nam a22001697a 4500 | ||
|---|---|---|---|
| 008 | 160317b xxu||||| |||| 00| 0 eng d | ||
| 020 | _a978-1-84392-772-3 | ||
| 082 |
_22010 _aDC 364.106 _bSi89 |
||
| 245 |
_aSituational prevention of organized crimes/ _cEdited by Karen Bullock; Ronald V. Clarke; and Nick Tilley |
||
| 260 |
_aUK: _bWillan Publishing House, _c©2010. |
||
| 300 |
_axvii, 222 pages; _c24 cm. |
||
| 440 |
_93872 _aCrime Science Series |
||
| 500 | _aIncludes references and index. | ||
| 650 | 0 |
_93871 _aOrganized crime |
|
| 365 |
_b5,600.00 _cPhp |
||
| 942 |
_2ddc _cDC |
||
| 999 |
_c1313 _d1313 |
||